000 00898cam a22002654a 4500
001 11962244
005 20160115123213.0
008 000403s2001 njuab b 001 0 eng
010 _a 00038541
020 _a0130269263
040 _aDLC
_cDLC
_dDLC
042 _apcc
050 0 0 _aBF121
_b.K34 2001
082 0 0 _a150
_221
100 1 _aKassin, Saul M.
245 1 0 _aPsychology /
_cSaul Kassin.
250 _a3rd ed.
260 _aUpper Saddle River, N.J. :
_bPrentice Hall,
_cc2001.
300 _axxiii, 740, [82] p. :
_bcol. ill., col. map ;
_c29 cm.
504 _aIncludes bibliographical references (p. R-1-R-44) and indexes.
650 0 _aPsychology.
906 _a7
_bcbc
_corignew
_d1
_eocip
_f20
_gy-gencatlg
942 _2lcc
_cBK
999 _c45566
_d45566